| 000 | 00355cam a2200145ua 4500 | ||
|---|---|---|---|
| 041 |
_aeng _h |
||
| 082 |
_a920 _bDEB/DI |
||
| 100 | _aDeBeer, E.S . | ||
| 245 | 0 | 0 |
_aDiary of John Evelyn / _cE.S.DeBeer. _hTextual Documents |
| 260 |
_aLondon : _bOxford University Press , _c1959. |
||
| 300 | _a1307 ; . | ||
| 504 | _a | ||
| 942 | _cBK | ||
| 999 |
_c1069 _d1069 |
||